[Event "Michigan Amateur"]
[Site "Kalamazoo "]
[Date "1998.??.??"]
[Round "?"]
[White "Smith, Les L"]
[Black "Nolan, Brian"]
[Result "1-0"]
[WhiteElo "1905"]
[BlackElo "1605"]
[PlyCount "89"]
[EventDate "1998.07.??"]

{7/19} 1. f4 d5 2. Nf3 Nf6 3. e3 Bg4 4. d4 e6 5. Bd3 Ne4 6. O-O Bd6 7. Qe1 Bxf3
8. Rxf3 Nd7 9. f5 exf5 10. Rxf5 Qe7 11. Rxd5 Ndf6 12. Rb5 Ng4 13. g3 Ng5 14.
Qe2 c6 15. Rf5 g6 16. Qxg4 gxf5 17. Qxf5 h6 18. e4 Qd7 19. Qf6 Rg8 20. Qxh6
Nf3+ 21. Kf2 Nxh2 22. Qxh2 Bxg3+ 23. Qxg3 Rxg3 24. Kxg3 Qxd4 25. Nc3 O-O-O 26.
Bf4 Rg8+ 27. Kf3 Rh8 28. Rd1 Qg7 29. Bf1 Qf6 30. e5 Qf5 31. Rd2 Rh4 32. Ne2
Qg4+ 33. Kf2 Rh1 34. Rd3 Qh4+ 35. Bg3 Qh5 36. Bg2 Rb1 37. Nf4 Qh7 38. Bh3+ Kc7
39. e6 Kb6 40. e7 Qe4 41. Re3 Qxc2+ 42. Ne2 Qd1 43. e8=Q Qe1+ 44. Kf3 Qh1+ 45.
Kg4 1-0

[Event "U.S. Amateur North"]
[Site "Detroit, MI"]
[Date "1998.??.??"]
[Round "?"]
[White "Smith, Glenn"]
[Black "Wiener, Jack"]
[Result "1-0"]
[WhiteElo "1605"]
[BlackElo "1605"]
[PlyCount "98"]
[EventDate "1998.05.??"]

{5/23} 1. e4 c5 2. Nf3 Nc6 3. d4 cxd4 4. Nxd4 Nf6 5. Nc3 e6 6. a3 a6 7. Be3 Be7
8. f3 O-O 9. Qd2 b5 10. g4 Ne5 11. h4 Nc4 12. Bxc4 bxc4 13. h5 Rb8 14. g5 Ne8
15. O-O-O Qa5 16. Nb1 Qb6 17. c3 Bc5 18. g6 h6 19. Rh2 f5 20. Bxh6 fxe4 21.
Bxg7 Rxf3 22. Qh6 Nxg7 23. Qh7+ Kf8 24. Qh8+ Ke7 25. Qxg7+ Kd8 26. Qh8+ Rf8 27.
g7 Rxh8 28. gxh8=Q+ Kc7 29. Qe5+ Bd6 30. Qxe4 Bxh2 31. Rd2 Bb7 32. Qe3 Rf8 33.
Rxh2 Rf1+ 34. Kc2 Qd6 35. Re2 Qe7 36. Qe5+ Kc8 37. Qh8+ Kc7 38. Nd2 Rf8 39.
Qe5+ Kc8 40. Nxc4 Qh7+ 41. Kb3 Bd5 42. Qd6 Rf7 43. Qxa6+ Kd8 44. Qb6+ Ke8 45.
Qb8+ Ke7 46. Qd6+ Ke8 47. Nb5 Qd3 48. Nc7+ Kd8 49. Nxd5 Qxe2 1-0

[Event "U.S. Amateur North"]
[Site "Detroit, MI"]
[Date "1998.??.??"]
[Round "?"]
[White "Smith, Glenn"]
[Black "Needman, P."]
[Result "1/2-1/2"]
[WhiteElo "1605"]
[BlackElo "1605"]
[PlyCount "74"]
[EventDate "1998.05.??"]

{5/23} 1. d4 d5 2. Nf3 Nf6 3. e3 Bf5 4. c4 e6 5. Qb3 Qc8 6. Nc3 c6 7. Nh4 Bg6
8. Nxg6 hxg6 9. Bd2 Nbd7 10. Bd3 Bd6 11. c5 Bc7 12. e4 dxe4 13. Nxe4 Nxe4 14.
Bxe4 Nf6 15. Bc2 Rxh2 16. Rxh2 Bxh2 17. O-O-O Bc7 18. Qh3 Kd7 19. Re1 Qh8 20.
Qf3 Rd8 21. Qa3 a6 22. Ba5 Bf4+ 23. Kb1 Re8 24. g3 Bb8 25. Qf3 Qh5 26. Qg2 Qd5
27. f3 Rh8 28. Bb3 Qf5+ 29. Ka1 Rh3 30. Bc2 Qh5 31. Bb3 Rxg3 32. Qe2 Nd5 33.
Bxd5 Qxd5 34. Qh2 Qxf3 35. Qh4 Bc7 36. Bxc7 Kxc7 37. Qe7+ Kc8 1/2-1/2

[Event "U.S. Amateur North"]
[Site "Detroit, MI"]
[Date "1998.??.??"]
[Round "?"]
[White "Smith, Glenn"]
[Black "Hubbard, D."]
[Result "1-0"]
[WhiteElo "1605"]
[BlackElo "1605"]
[PlyCount "75"]
[EventDate "1998.05.??"]

{5/24} 1. e4 e6 2. d4 d5 3. exd5 exd5 4. Nf3 Bd6 5. Bg5 Ne7 6. Bd3 f6 7. Bh4
Bg4 8. Nbd2 Nbc6 9. c3 Qd7 10. Qc2 O-O-O 11. Bg3 Rde8 12. O-O-O g5 13. Bxd6
Qxd6 14. Bxh7 f5 15. Nxg5 Bxd1 16. Bxf5+ Nxf5 17. Qxf5+ Qd7 18. Qxd7+ Kxd7 19.
Kxd1 Rhg8 20. h4 Ke7 21. f4 Kf8 22. h5 Nd8 23. Ndf3 Nf7 24. Nxf7 Kxf7 25. Ne5+
Kg7 26. g4 Ref8 27. Ng6 Re8 28. Kd2 b6 29. Ne5 c5 30. g5 Ref8 31. Ke3 cxd4+ 32.
cxd4 Rc8 33. h6+ Kf8 34. h7 Rh8 35. Ng6+ Kg7 36. Nxh8 Rxh8 37. f5 Rxh7 38.
Rxh7+ 1-0

[Event "Kalamazoo Mini-Swiss.2"]
[Site "Kalamazoo, MI"]
[Date "1998.??.??"]
[Round "?"]
[White "Smeltzer, P."]
[Black "Ingles, Darrell"]
[Result "0-1"]
[WhiteElo "1605"]
[BlackElo "1605"]
[PlyCount "88"]
[EventDate "1998.??.??"]

1. e4 c5 2. Nf3 Nc6 3. b4 a6 4. bxc5 e6 5. d4 d6 6. Be3 dxc5 7. d5 exd5 8. exd5
Na7 9. c4 Nf6 10. Bd3 Bd6 11. h3 O-O 12. O-O Re8 13. a3 b5 14. Qc2 bxc4 15.
Qxc4 Qb6 16. Nc3 Bb7 17. Bg5 Qd8 18. Bxf6 Qxf6 19. Ne4 Qd8 20. Neg5 g6 21. h4
Be5 22. Rae1 Bxd5 23. Qc2 Bxf3 24. Nxf3 Bd4 25. h5 Qf6 26. h6 Nb5 27. Bxb5 axb5
28. a4 bxa4 29. Rxe8+ Rxe8 30. Qxa4 Rd8 31. Rc1 Qf4 32. Rc4 Qxh6 33. Qa5 Qf8
34. Ra4 Qd6 35. Qa7 h6 36. Ra6 Qd5 37. Qe7 Qd7 38. Qh4 Bg7 39. Qe4 Qd1+ 40. Kh2
Qd3 41. Qb7 Qf5 42. g3 c4 43. Rc6 Qxf3 44. Qb6 Rd1 0-1

[Event "Michigan Open Reserve"]
[Site "Flint, MI"]
[Date "1998.??.??"]
[Round "?"]
[White "Smeckert, Dennis"]
[Black "Turkalo, A."]
[Result "1/2-1/2"]
[WhiteElo "1605"]
[BlackElo "1710"]
[PlyCount "82"]
[EventDate "1998.09.??"]

1. e4 c5 2. Nc3 d6 3. g3 g6 4. Bg2 Bg7 5. d3 Nc6 6. Be3 Rb8 7. Rb1 b5 8. f4 Nd4
9. Nf3 Bg4 10. O-O Qd7 11. Ne2 Nxf3+ 12. Bxf3 Bh3 13. Bg2 h5 14. Rf2 h4 15. f5
hxg3 16. Nxg3 gxf5 17. Bxh3 Rxh3 18. Nxf5 Be5 19. Qg4 Rh8 20. Qf3 Nf6 21. Rg2
Kd8 22. c3 d5 23. Bg5 d4 24. Re1 dxc3 25. Bxf6 exf6 26. bxc3 Bxc3 27. Rd1 Bd4+
28. Kh1 Kc7 29. Qg3+ Be5 30. Qe3 Kb6 31. d4 Bxd4 32. Nxd4 Rbd8 33. Rgd2 Rh3 34.
Qf4 cxd4 35. Qxf6+ Qe6 36. Qxd8+ Ka6 37. Qd5 Qg4 38. Qf5 Qg3 39. Rg2 Qe3 40.
Rg6+ fxg6 41. Qxg6+ Ka5 1/2-1/2

[Event "Michigan Class D/E"]
[Site "Grand Rapids, MI"]
[Date "1998.??.??"]
[Round "?"]
[White "Smeckert, Dennis"]
[Black "McAllister, Don"]
[Result "0-1"]
[WhiteElo "1605"]
[BlackElo "1605"]
[PlyCount "70"]
[EventDate "1998.01.??"]

1. e4 e6 2. d4 d5 3. exd5 exd5 4. Bd3 Nf6 5. Nf3 Bd6 6. O-O O-O 7. c3 Be6 8.
Be3 Nbd7 9. Nbd2 c6 10. Re1 Qc7 11. h3 Rfe8 12. Ng5 Nf8 13. Nxe6 Nxe6 14. Nf3
h6 15. Qc2 Re7 16. Ne5 Rae8 17. f4 c5 18. Qf2 Ne4 19. Bxe4 dxe4 20. Qh4 cxd4
21. cxd4 Nf8 22. Rac1 Qb8 23. Qg4 Nh7 24. Rc2 Rf8 25. Nd7 f5 26. Nxb8 fxg4 27.
Rec1 Bxb8 28. hxg4 g5 29. Rc8 Bxf4 30. Rxf8+ Kxf8 31. Rf1 Rf7 32. Bf2 Nf6 33.
d5 Nxg4 34. Bxa7 Bh2+ 35. Kh1 Rxf1+ 0-1

[Event "Michigan Open Reserve"]
[Site "Flint, MI"]
[Date "1998.??.??"]
[Round "?"]
[White "Smeckert, Dennis"]
[Black "Foord, Allan"]
[Result "1-0"]
[WhiteElo "1605"]
[BlackElo "1605"]
[PlyCount "75"]
[EventDate "1998.09.??"]

1. e4 c5 2. Nc3 d6 3. g3 Nc6 4. Bg2 Nf6 5. h3 g6 6. d3 Bg7 7. f4 O-O 8. Nf3 a6
9. O-O Rb8 10. Rb1 b5 11. g4 h6 12. Be3 e6 13. Ne2 Qe7 14. Ng3 Bd7 15. Qd2 Nh7
16. f5 exf5 17. exf5 g5 18. Rbe1 Qd8 19. Nh5 Bxb2 20. c3 Ba3 21. h4 b4 22. hxg5
bxc3 23. Qxc3 Bb2 24. Qc2 hxg5 25. Nxg5 Bd4 26. Nxh7 Kxh7 27. Be4 f6 28. Bxd4
Nxd4 29. Qh2 Rh8 30. Nxf6+ Kg7 31. Qxd6 Qxf6 32. Qxd7+ Kh6 33. Qc7 Rbc8 34.
Qf4+ Kg7 35. g5 Qd8 36. f6+ Kf8 37. g6 Rg8 38. Qh6+ 1-0

[Event "Michigan Class D/E"]
[Site "Grand Rapids, MI"]
[Date "1998.??.??"]
[Round "?"]
[White "Smeckert, Dennis"]
[Black "Councell, Keith"]
[Result "1/2-1/2"]
[WhiteElo "1605"]
[BlackElo "1605"]
[PlyCount "92"]
[EventDate "1998.01.??"]

1. e4 c6 2. d4 d5 3. exd5 cxd5 4. Bd3 e6 5. Nf3 Nf6 6. O-O Bd6 7. c3 Nbd7 8. h3
h6 9. Be3 O-O 10. Re1 Nb6 11. Nbd2 Bd7 12. Nf1 Rc8 13. N3d2 Re8 14. f4 Nc4 15.
Bxc4 dxc4 16. Nf3 Nd5 17. Ne5 Re7 18. Nd2 b5 19. Ne4 Bc6 20. Bf2 Nxf4 21. Nxc6
Rxc6 22. Qf3 Rec7 23. Nxd6 Qxd6 24. Bg3 g5 25. Bxf4 Qxf4 26. Qxf4 gxf4 27. Re5
a6 28. Rf1 f6 29. Re4 f5 30. Re5 Rf7 31. Rxf4 Kg7 32. Rf2 Re7 33. Rfe2 Kf6 34.
d5 Rd6 35. dxe6 Rdxe6 36. Rxe6+ Rxe6 37. Rd2 h5 38. Kf2 Kg5 39. Kf3 h4 40. b3
cxb3 41. axb3 Rc6 42. Rd3 a5 43. g3 a4 44. gxh4+ Kxh4 45. bxa4 bxa4 46. Kf4 a3
1/2-1/2

[Event "Michigan Open Reserve"]
[Site "Flint, MI"]
[Date "1998.??.??"]
[Round "?"]
[White "Smeckert, Dennis"]
[Black "Choate, Eric"]
[Result "0-1"]
[WhiteElo "1605"]
[BlackElo "1605"]
[PlyCount "71"]
[EventDate "1998.09.??"]

1. e4 e5 2. Nf3 d6 3. Bc4 Be7 4. d4 exd4 5. c3 Nf6 6. Ng5 O-O 7. Qb3 d5 8. exd5
Nxd5 9. Nxf7 Rxf7 10. Bxd5 Qe8 11. Bxf7+ Qxf7 12. Qxf7+ Kxf7 13. cxd4 Nc6 14.
Be3 Bf6 15. Nc3 Bxd4 16. Bxd4 Nxd4 17. O-O-O Nc6 18. Rhe1 Be6 19. Nd5 Rc8 20.
a3 Na5 21. Nf4 Re8 22. Rxe6 Rxe6 23. Nxe6 Kxe6 24. Kc2 a6 25. Kc3 Nc6 26. f4 g6
27. g4 Ne7 28. Re1+ Kf6 29. a4 Nd5+ 30. Kd4 Nxf4 31. Rf1 Kg5 32. h4+ Kxg4 33.
Ke4 Ne6 34. Rg1+ Kxh4 35. Rh1+ Kg4 36. Rxh7 0-1

[Event "Michigan Open Reserve"]
[Site "Flint, MI"]
[Date "1998.??.??"]
[Round "?"]
[White "Smalec, Joseph"]
[Black "Plummer, L."]
[Result "0-1"]
[WhiteElo "1605"]
[BlackElo "1605"]
[PlyCount "30"]
[EventDate "1998.09.??"]

1. d4 d5 2. Nc3 e6 3. Nf3 Bb4 4. Bd2 Bxc3 5. Bxc3 Nc6 6. e3 Nf6 7. Bb5 Bd7 8.
O-O a6 9. Ba4 Ne4 10. Qd3 O-O 11. a3 Nxd4 12. Bxd7 Nxf3+ 13. gxf3 Qg5+ 14. Kh1
Rad8 15. Rg1 Nxf2# 0-1

[Event "Michigan Open Reserve"]
[Site "Flint, MI"]
[Date "1998.??.??"]
[Round "?"]
[White "Smalec, Joseph"]
[Black "Maul, Tim"]
[Result "0-1"]
[WhiteElo "1605"]
[BlackElo "1605"]
[PlyCount "128"]
[EventDate "1998.09.??"]

1. d4 d5 2. Nf3 Nf6 3. Bf4 Bg4 4. Nbd2 e6 5. e3 c5 6. Bb5+ Nc6 7. Bxc6+ bxc6 8.
O-O Bd6 9. Qe1 cxd4 10. Nxd4 e5 11. Nxc6 Qc7 12. Nxe5 Bxe5 13. h3 Be6 14. Nf3
Bxf4 15. exf4 Qxf4 16. Qe2 O-O 17. Qd3 Bf5 18. Qd1 Rac8 19. Rc1 h6 20. Re1 Rfe8
21. Rxe8+ Rxe8 22. Rb1 Qe4 23. Nd4 Bg6 24. Nb5 a5 25. Rc1 Qe5 26. b3 Qe2 27.
Nc7 Qxd1+ 28. Rxd1 Bxc2 29. Rd2 Re1+ 30. Kh2 Bb1 31. a3 Re5 32. b4 axb4 33.
axb4 Kh7 34. b5 Re7 35. Nxd5 Nxd5 36. Rxd5 Rb7 37. f4 Be4 38. Re5 Bd3 39. g4
Rxb5 40. Re7 f6 41. h4 Rb4 42. Kg3 Rb3 43. g5 Bf5+ 44. Kf2 Rb2+ 45. Ke3 fxg5
46. fxg5 Rb4 47. Re5 Bg6 48. Kf3 Rxh4 49. Kg3 Rh5 50. Kg4 Rxg5+ 51. Rxg5 hxg5
52. Kxg5 Bd3 53. Kg4 Kg6 54. Kf4 Kh5 55. Kg3 Kg5 56. Kf3 Kh4 57. Kg2 Kg4 58.
Kf2 g5 59. Kg2 Be4+ 60. Kg1 Kg3 61. Kf1 Kh2 62. Kf2 g4 63. Ke3 Bb7 64. Kf4 g3
0-1

[Event "Michigan Open Reserve"]
[Site "Flint, MI"]
[Date "1998.??.??"]
[Round "?"]
[White "Smalec, Joseph"]
[Black "Carpenter, George"]
[Result "0-1"]
[WhiteElo "1605"]
[BlackElo "1605"]
[PlyCount "64"]
[EventDate "1998.09.??"]

1. d4 d5 2. Nc3 Nf6 3. Nf3 g6 4. Bf4 Bg7 5. e3 O-O 6. Bd3 Nbd7 7. O-O c5 8.
dxc5 Nxc5 9. Re1 Ng4 10. Nd4 e5 11. Be2 exf4 12. Bxg4 fxe3 13. Rxe3 Bxg4 14.
Qxg4 Ne4 15. Nxe4 Bxd4 16. Rd3 f5 17. Qh3 dxe4 18. Rd2 Qb6 19. c3 Bg7 20. Qh4
Bf6 21. Qh6 Rad8 22. Re2 Rd3 23. Rae1 Rfd8 24. h3 Rg3 25. Qf4 Rgd3 26. Qh6 Rd1
27. Kf1 Qd6 28. Qe3 Qh2 29. f3 Bh4 30. g3 Qxg3 31. b4 Rxe1+ 32. Rxe1 Qxe1+ 0-1

[Event "Michigan Open"]
[Site "Flint, MI"]
[Date "1998.??.??"]
[Round "?"]
[White "Smalec, John"]
[Black "Rogers, Bradley"]
[Result "1-0"]
[WhiteElo "1605"]
[BlackElo "2090"]
[PlyCount "115"]
[EventDate "1998.09.??"]

{9/5} 1. e4 e6 2. d4 d5 3. Nc3 Bb4 4. e5 c5 5. a3 Bxc3+ 6. bxc3 Ne7 7. Qg4 Nbc6
8. Qxg7 Rg8 9. Qxh7 Qc7 10. Qd3 Bd7 11. Rb1 Nf5 12. Nf3 Na5 13. Ng5 Nc4 14. f4
Bc6 15. Be2 O-O-O 16. h4 Qa5 17. Kd1 Ba4 18. Rb3 Nxe5 19. fxe5 c4 20. Qd2 cxb3
21. g4 Ng3 22. Rh3 Nxe2 23. Qxe2 bxc2+ 24. Ke1 Kb8 25. Nxf7 Rc8 26. Kd2 Rc4 27.
Rd3 Qc7 28. Nd6 Rc6 29. g5 Rxd6 30. exd6 Qxd6 31. Qe5 Qxe5 32. dxe5 Rf8 33. Rd4
Be8 34. Kxc2 Rf2+ 35. Kb3 Re2 36. Bf4 a5 37. Rd2 Re4 38. Rd4 Rxd4 39. cxd4 b5
40. Bd2 a4+ 41. Kb4 Kb7 42. Kc5 Kc7 43. Ba5+ Kd7 44. Kxb5 Ke7+ 45. Kc5 Bh5 46.
Kc6 Kf7 47. Kd7 Bg6 48. Kc6 Bh5 49. Kb5 Bd1 50. h5 Kg7 51. h6+ Kg6 52. Kc6 Bc2
53. Bd8 Bf5 54. Kd6 Bg4 55. Ke7 Bf5 56. Kf8 Kh7 57. Kf7 Kh8 58. g6 1-0

[Event "Michigan Open"]
[Site "Flint, MI"]
[Date "1998.??.??"]
[Round "?"]
[White "Smalec, John"]
[Black "O'Donnell, Robert"]
[Result "0-1"]
[WhiteElo "1605"]
[BlackElo "2200"]
[PlyCount "92"]
[EventDate "1998.09.??"]

{9/7} 1. e4 c5 2. Nf3 Nc6 3. Bb5 g6 4. O-O Bg7 5. Re1 Nd4 6. Nxd4 cxd4 7. c3 e6
8. e5 Ne7 9. cxd4 b6 10. Nc3 Bb7 11. d5 Nxd5 12. d4 O-O 13. Ne4 f6 14. Nd6 Bc6
15. Bd2 fxe5 16. dxe5 Qh4 17. f3 Bxe5 18. Rxe5 Qd4+ 19. Kh1 Qxe5 20. Bxc6 dxc6
21. Nc4 Qf6 22. Rc1 Rad8 23. Qe1 Rfe8 24. Ne5 c5 25. Qg3 Qf5 26. Ng4 Kg7 27.
Bh6+ Kh8 28. h4 Rd7 29. Rd1 e5 30. Bg5 h5 31. Nh6 Qe6 32. Re1 Kh7 33. f4 e4 34.
f5 gxf5 35. Qf2 Rf8 36. g4 f4 37. Nf5 Rxf5 38. gxf5 Qxf5 39. Kh2 f3 40. Rd1 Rf7
41. Qd2 Nf4 42. Bxf4 Qxf4+ 43. Qxf4 Rxf4 44. Kg3 Rf5 45. Kf2 Rf7 46. Rd5 e3+
0-1

[Event "Michigan Open"]
[Site "Flint, MI"]
[Date "1998.??.??"]
[Round "?"]
[White "Smalec, John"]
[Black "Ballicora, Miguel"]
[Result "1/2-1/2"]
[WhiteElo "1605"]
[BlackElo "2055"]
[PlyCount "106"]
[EventDate "1998.09.??"]

{9/6} 1. e4 c5 2. Nf3 Nc6 3. Bb5 g6 4. O-O Bg7 5. c3 Nf6 6. Re1 O-O 7. d4 cxd4
8. cxd4 d5 9. e5 Ne8 10. Nc3 Bg4 11. Bxc6 bxc6 12. h3 Bxf3 13. Qxf3 Nc7 14. Qd3
Qd7 15. Bd2 Ne6 16. Na4 f6 17. f4 fxe5 18. fxe5 Qb7 19. Rac1 Qb5 20. Qxb5 cxb5
21. Nc3 Rfd8 22. Be3 a6 23. Ne2 Rac8 24. Bd2 Kf7 25. b3 Ke8 26. Rf1 Rxc1 27.
Rxc1 Kd7 28. Be3 Rc8 29. Kf2 Rxc1 30. Bxc1 Nd8 31. Bg5 Nc6 32. Bd2 e6 33. Bc3
Bf8 34. Ke3 Be7 35. Kd3 Bg5 36. Ng1 Bd8 37. Nf3 Ke8 38. Bd2 Kf7 39. Ne1 Be7 40.
Nc2 Ke8 41. Be1 Kf7 42. Ke3 Kg7 43. Kf4 Kh6 44. Kg4 Kg7 45. Kf4 Bd8 46. Bc3 Bb6
47. Kg4 h5+ 48. Kg5 Bd8+ 49. Kf4 Kh6 50. Kf3 Bg5 51. Ne1 Bd8 52. Nc2 Be7 53.
Bd2+ Kg7 1/2-1/2

[Event "Michigan Amateur"]
[Site "Kalamazoo "]
[Date "1998.??.??"]
[Round "?"]
[White "Skidmore, Mike"]
[Black "Pash, S."]
[Result "1-0"]
[WhiteElo "1895"]
[BlackElo "1605"]
[PlyCount "69"]
[EventDate "1998.07.??"]

{7/18} 1. e4 Nc6 2. Nf3 g6 3. Bc4 e6 4. O-O Bg7 5. d4 Nf6 6. Bg5 d6 7. Qc1 Bd7
8. e5 dxe5 9. dxe5 Qe7 10. exf6 Bxf6 11. Bxf6 Qxf6 12. Nc3 O-O-O 13. Ne4 Qf5
14. Bd3 Ne5 15. Nd4 Qh5 16. Qf4 Ng4 17. h3 e5 18. hxg4 Bxg4 19. Qg3 Rxd4 20. c3
Rdd8 21. Nf6 Qg5 22. Nxg4 h5 23. Nxe5 Qf6 24. Qh3+ Kb8 25. Nd7+ Rxd7 26. Qxd7
Rd8 27. Qh3 a5 28. Rad1 Rd5 29. Rfe1 Ka7 30. Qe3+ b6 31. Qe8 Rd8 32. Qb5 Kb8
33. Qa6 c5 34. Be4 Kc7 35. Qb7# 1-0

[Event "Michigan Open"]
[Site "Flint, MI"]
[Date "1998.??.??"]
[Round "?"]
[White "Skidmore, Mike"]
[Black "Mazuchowski, Tom"]
[Result "0-1"]
[WhiteElo "1895"]
[BlackElo "2125"]
[PlyCount "90"]
[EventDate "1998.09.??"]

{9/6} 1. e4 c5 2. Nf3 Nc6 3. Bb5 d6 4. O-O a6 5. Bxc6+ bxc6 6. Nc3 e5 7. d3 f6
8. Nh4 Be6 9. f4 exf4 10. Nf3 g5 11. d4 Bg4 12. dxc5 dxc5 13. Qe2 Bd6 14. Qc4
Qe7 15. Re1 Bxf3 16. gxf3 Qe5 17. Ne2 Ne7 18. Bd2 Ng6 19. Qa4 Qe6 20. Qxc6+ Kf7
21. Qd5 Qxd5 22. exd5 Ne5 23. Kf2 Nc4 24. Bc1 Be5 25. Rb1 Rab8 26. b3 Ne3 27.
Bxe3 fxe3+ 28. Kxe3 Bxh2 29. c4 Be5 30. Kf2 h5 31. Ng3 Bxg3+ 32. Kxg3 Rhe8 33.
f4 Kg6 34. Kf3 Kf5 35. Rbd1 g4+ 36. Kg3 h4+ 37. Kxh4 Rh8+ 38. Kg3 Rh3+ 39. Kg2
Rbh8 40. Rh1 Kxf4 41. d6 Rg3+ 42. Kf2 Rxh1 43. Rxh1 Rd3 44. Rh5 Rxd6 45. Rxc5
Rd2+ 0-1

[Event "Michigan Open"]
[Site "Flint, MI"]
[Date "1998.??.??"]
[Round "?"]
[White "Skidmore, Mike"]
[Black "Masek, Adam"]
[Result "1-0"]
[WhiteElo "1895"]
[BlackElo "1605"]
[PlyCount "81"]
[EventDate "1998.09.??"]

{9/7} 1. e4 c6 2. d4 d5 3. e5 Bf5 4. Ne2 e6 5. Ng3 Bg6 6. Be2 Ne7 7. O-O c5 8.
c3 Nec6 9. Be3 Nd7 10. Nd2 Qb6 11. Qb3 Be7 12. Qxb6 Nxb6 13. a3 a6 14. Rac1 O-O
15. f4 Nd7 16. f5 cxd4 17. cxd4 exf5 18. Nxf5 Bxf5 19. Rxf5 g6 20. Rf3 f5 21.
Nb3 Kf7 22. Bh6 Rfd8 23. g4 Ndxe5 24. dxe5 Nxe5 25. Rff1 d4 26. Bc4+ Nxc4 27.
Rxc4 d3 28. Bd2 Rac8 29. Rxc8 Rxc8 30. gxf5 Bf6 31. fxg6+ Kxg6 32. Rc1 Re8 33.
Bc3 Bg5 34. Rd1 Rd8 35. Nc1 d2 36. Nb3 Be3+ 37. Kf1 Rf8+ 38. Ke2 Bf4 39. Rg1+
Kf5 40. Bxd2 Bxh2 41. Rf1+ 1-0

[Event "Michigan Amateur"]
[Site "Kalamazoo "]
[Date "1998.??.??"]
[Round "?"]
[White "Skidmore, Mike"]
[Black "Masek, Adam"]
[Result "0-1"]
[WhiteElo "1895"]
[BlackElo "1605"]
[PlyCount "84"]
[EventDate "1998.07.??"]

{7/18} 1. e4 c6 2. d4 d5 3. e5 Bf5 4. Ne2 e6 5. Ng3 Ne7 6. Nd2 Nd7 7. Nf3 c5 8.
c3 Qb6 9. Qa4 cxd4 10. Nxd4 Bg6 11. Bb5 O-O-O 12. Bxd7+ Rxd7 13. Nb5 Nc6 14.
Be3 Bc5 15. Bxc5 Qxc5 16. O-O Nxe5 17. Nxa7+ Kb8 18. Nb5 Bd3 19. Qf4 f6 20. Nd4
Bxf1 21. Nxf1 Qe7 22. Nb5 Re8 23. a4 Qc5 24. b4 Qc4 25. Qe3 Nc6 26. Qg3+ e5 27.
Ne3 Qe4 28. Qh3 Red8 29. a5 Qd3 30. c4 dxc4 31. g3 Qb3 32. a6 Qxb4 33. a7+ Ka8
34. Na3 c3 35. Nac2 Qe4 36. Qe6 Nd4 37. Nxd4 Rxd4 38. Qb3 c2 39. Qb6 R8d6 40.
Qb3 Rd1+ 41. Nxd1 Qe1+ 42. Kg2 cxd1=Q 0-1

[Event "Michigan Open"]
[Site "Flint, MI"]
[Date "1998.??.??"]
[Round "?"]
[White "Skidmore, Mike"]
[Black "Fischvogt, Eric"]
[Result "1-0"]
[WhiteElo "1895"]
[BlackElo "2220"]
[PlyCount "109"]
[EventDate "1998.09.??"]

{9/5} 1. e4 Nc6 2. d4 e5 3. c3 exd4 4. cxd4 d5 5. e5 f6 6. f4 fxe5 7. dxe5 Bf5
8. Nf3 Bc5 9. Bd3 Qd7 10. a3 Nh6 11. Qc2 Bb6 12. Nc3 O-O-O 13. Bxf5 Nxf5 14.
Na4 Ba5+ 15. b4 Bb6 16. Nxb6+ axb6 17. O-O d4 18. Qd3 g6 19. Re1 Qd5 20. Bb2 h5
21. Rad1 b5 22. Rc1 b6 23. Rcd1 h4 24. Ng5 Ne3 25. Rxe3 Qc4 26. Qxc4 bxc4 27.
Ree1 c3 28. Nf7 cxb2 29. Nxd8 Rxd8 30. Rb1 Ne7 31. Rxb2 Nd5 32. Rf2 c5 33. bxc5
bxc5 34. g3 c4 35. Rc1 c3 36. Rf3 Kb7 37. Kf2 Kb6 38. Rd3 Kc5 39. Ke2 Kc4 40.
Rb1 hxg3 41. hxg3 Rh8 42. Rbd1 Rh2+ 43. Kf3 Kb3 44. Rxd4 Ne7 45. Rb1+ Kxa3 46.
Rb7 Ka2 47. Rd8 Rb2 48. Rxe7 Rb3 49. Rc7 g5 50. Kg4 gxf4 51. gxf4 Kb1 52. e6 c2
53. Rdc8 Ka1 54. Rxc2 Rb8 55. R2c7 1-0

[Event "Michigan Open"]
[Site "Flint, MI"]
[Date "1998.??.??"]
[Round "?"]
[White "Skidmore, Mike"]
[Black "Finegold, Ron"]
[Result "0-1"]
[WhiteElo "1895"]
[BlackElo "2065"]
[PlyCount "100"]
[EventDate "1998.09.??"]

{9/5} 1. e4 e6 2. Nf3 d5 3. exd5 exd5 4. d4 Bd6 5. Bd3 Ne7 6. O-O Nbc6 7. c3
Bg4 8. Re1 Qd7 9. Nbd2 h6 10. Nf1 O-O 11. h3 Bf5 12. Bxf5 Qxf5 13. Ne3 Qh5 14.
Ng4 f5 15. Nge5 Bxe5 16. Nxe5 Qxd1 17. Rxd1 Nxe5 18. dxe5 f4 19. Rd4 g5 20. g3
fxg3 21. fxg3 Rf5 22. h4 c5 23. Rd1 Rxe5 24. hxg5 hxg5 25. Bd2 Nc6 26. Re1 Rae8
27. Kf2 Rxe1 28. Rxe1 Rxe1 29. Kxe1 g4 30. Kf2 d4 31. Ke2 Kf7 32. Kd3 Ke6 33.
Ke4 b6 34. cxd4 cxd4 35. Bf4 b5 36. Bc7 d3 37. Kxd3 Nb4+ 38. Ke4 Nxa2 39. Kf4
Nb4 40. Kxg4 Nd3 41. b3 Nc5 42. b4 Nd3 43. Ba5 Ne5+ 44. Kh5 Nc6 45. Bc7 Nxb4
46. g4 Nd5 47. Bb8 a5 48. g5 b4 49. g6 b3 50. g7 Nf6+ 0-1

[Event "Michigan Class A"]
[Site "Grand Rapids, MI"]
[Date "1998.??.??"]
[Round "?"]
[White "Skidmore, Mike"]
[Black "Conlon, Russell"]
[Result "0-1"]
[WhiteElo "1930"]
[BlackElo "1875"]
[PlyCount "76"]
[EventDate "1998.01.??"]

1. e4 d6 2. d4 Nf6 3. Nc3 c6 4. Be2 g6 5. f4 Bg7 6. Nf3 Bg4 7. O-O O-O 8. h3
Bxf3 9. Bxf3 e5 10. Kh1 Nbd7 11. dxe5 dxe5 12. Qd6 Ne8 13. Qb4 Qc7 14. fxe5
Bxe5 15. Bh6 Ng7 16. Rad1 Nf6 17. Qc4 Nfh5 18. Ne2 b5 19. Qb3 Rfd8 20. Bg5 Rxd1
21. Rxd1 Ne6 22. Be3 Nhg7 23. c3 h5 24. Nd4 a6 25. Qc2 Rc8 26. Nxe6 Nxe6 27. g4
h4 28. Bg2 Qe7 29. Bd4 Qg5 30. Qf2 Bg3 31. Qf6 Qh6 32. Rf1 Rf8 33. e5 Qd2 34.
Bg1 Nf4 35. Bxc6 Nxh3 36. Be8 Qd5+ 37. Rf3 Rxe8 38. Be3 Bxe5 0-1

[Event "Michigan Women's"]
[Site "Ann Arbor, MI"]
[Date "1998.??.??"]
[Round "?"]
[White "Skidmore, Jennifer"]
[Black "Yancey, Seleana"]
[Result "1-0"]
[WhiteElo "1880"]
[BlackElo "1605"]
[PlyCount "57"]
[EventDate "1998.12.??"]

1. e4 e5 2. f4 d5 3. Nf3 Nc6 4. Bb5 a6 5. Bxc6+ bxc6 6. Nxe5 Qf6 7. O-O Bd6 8.
d4 c5 9. Nc3 dxe4 10. Nxe4 Qf5 11. Nxc5 Bxc5 12. dxc5 Nf6 13. Qf3 Rb8 14. Re1
O-O 15. Nc6 Qxc5+ 16. Be3 Qxc2 17. Nxb8 Bg4 18. Qc6 Qg6 19. Nxa6 Bh3 20. Nxc7
Ne4 21. Qxg6 fxg6 22. gxh3 Rb8 23. Bd4 Nd2 24. Kg2 Rb4 25. Bc3 Rc4 26. Re7 Kf8
27. Rae1 Rxf4 28. Re8+ Kf7 29. R1e7# 1-0

[Event "Michigan Women's"]
[Site "Ann Arbor, MI"]
[Date "1998.??.??"]
[Round "?"]
[White "Skidmore, Jennifer"]
[Black "Raupp, Helene"]
[Result "1-0"]
[WhiteElo "1880"]
[BlackElo "1605"]
[PlyCount "79"]
[EventDate "1998.12.??"]

1. e4 e6 2. d4 d5 3. exd5 exd5 4. Bd3 Bd6 5. Nf3 Bg4 6. O-O Ne7 7. Bg5 O-O 8.
Nbd2 Nbc6 9. c3 Qd7 10. Qc2 Bf5 11. Rae1 Bxd3 12. Qxd3 Ng6 13. b3 h6 14. Bh4
Nxh4 15. Nxh4 Qg4 16. Nf5 Bf4 17. Nf3 a6 18. Re2 Rae8 19. Rfe1 Rxe2 20. Rxe2 g6
21. Ne3 Qh5 22. Kh1 Re8 23. Nxd5 Qxd5 24. Rxe8+ Kg7 25. Qe4 Qxe4 26. Rxe4 Bd6
27. Nd2 Ne7 28. c4 Ng8 29. Nf3 Nf6 30. Re2 g5 31. h3 Kg6 32. Ne5+ Kg7 33. Kg1
Nh5 34. g3 f6 35. Nd7 Kf7 36. c5 Be7 37. b4 Ke8 38. Nb8 Kd8 39. c6 Bxb4 40.
cxb7 1-0

[Event "Michigan Class D/E"]
[Site "Grand Rapids, MI"]
[Date "1998.??.??"]
[Round "?"]
[White "Sinke, Brian"]
[Black "Lueer, Michael"]
[Result "1-0"]
[WhiteElo "1605"]
[BlackElo "1605"]
[PlyCount "83"]
[EventDate "1998.01.??"]

1. e4 e5 2. Nf3 f5 3. Nc3 fxe4 4. Nxe5 Bd6 5. Qh5+ g6 6. Nxg6 Nf6 7. Qh4 Rg8 8.
Nf4 Bxf4 9. Qxf4 Nc6 10. Nxe4 Nxe4 11. Qxe4+ Qe7 12. Qxe7+ Kxe7 13. c3 b6 14.
d4 Bb7 15. Rg1 Rae8 16. Be3 Kd8 17. O-O-O Ne7 18. h4 Nf5 19. Bg5+ Kc8 20. g3 h6
21. Bf4 Nxh4 22. Bc4 d5 23. gxh4 dxc4 24. Bxh6 Rxg1 25. Rxg1 Re2 26. Rg8+ Kd7
27. Rg7+ Ke6 28. Rxc7 Be4 29. Bd2 Rxf2 30. Bg5 a5 31. Re7+ Kd5 32. Re5+ Kc6 33.
Rxe4 Rf1+ 34. Kd2 Ra1 35. a3 Ra2 36. Kc2 Ra1 37. Bc1 b5 38. Re6+ Kd7 39. Ra6 b4
40. Rxa5 bxa3 41. bxa3 Ra2+ 42. Bb2 1-0